[Event "NOR-chT 1718"]
[Site "Norway"]
[Date "2018.03.03"]
[Round "8.2"]
[White "Briseid, Hakon"]
[Black "Ranaldi, Lucas"]
[Result "0-1"]
[WhiteElo "2135"]
[BlackElo "2277"]
[PlyCount "104"]
[EventDate "2017.11.03"]
[EventType "team-tourn"]
[EventRounds "9"]
[EventCountry "NOR"]
[SourceTitle "EXT 2019"]
[Source "ChessBase"]
[SourceDate "2018.10.10"]
[SourceVersion "1"]
[SourceVersionDate "2018.10.10"]
[SourceQuality "1"]
[WhiteTeam "Akademisk"]
[BlackTeam "Oslo SK 1911"]
[WhiteTeamCountry "NOR"]
[BlackTeamCountry "NOR"]

1. d4 Nf6 2. c4 e6 3. Nc3 Bb4 4. e3 b6 5. Nge2 c5 6. a3 Ba5 7. Rb1 Qe7 8. Bd2 0-0 9. Qa4 Bxc3 10. Nxc3 cxd4 11. exd4 d5 12. Be2 dxc4 13. Bxc4 Rd8 14. Be3 Bb7 15. 0-0 Ne4 16. Bd3 Nd6 17. Qc2 h6 18. Rfe1 Nd7 19. Bf4 Nf6 20. Qe2 Rac8 21. Rbc1 Nd5 22. Be5 Nxc3 23. bxc3 Bd5 24. c4 Bb7 25. Qg4 Qg5 26. Qh3 h5 27. f4 Qg4 28. Qxg4 hxg4 29. c5 Ne8 30. cxb6 axb6 31. Bc4 Kf8 32. d5 Bxd5 33. Bxd5 Rxc1 34. Rxc1 Rxd5 35. Rc8 f6 36. Bc3 Kf7 37. Bb4 b5 38. Kf2 g5 39. Kg3 gxf4+ 40. Kxg4 e5 41. h4 Rd3 42. Rc3 Rd2 43. Kf3 Rd1 44. Rc5 Rd3+ 45. Kf2 Nd6 46. Rc7+ Kg6 47. Bxd6 Rd2+ 48. Kf1 Rxd6 49. Rb7 Ra6 50. Rxb5 Rxa3 51. Rb6 Ra1+ 52. Kf2 Rh1 0-1

[Event "NOR-chT 1415"]
[Site "Norway"]
[Date "2014.11.01"]
[Round "2.1"]
[White "Mihajlov, Sebastian"]
[Black "Briseid, Hakon"]
[Result "1-0"]
[WhiteElo "2288"]
[BlackElo "2148"]
[PlyCount "137"]
[EventDate "2014.10.31"]
[EventType "team-tourn"]
[EventRounds "11"]
[EventCountry "NOR"]
[SourceTitle "EXT 2015"]
[Source "ChessBase"]
[SourceDate "2014.11.20"]
[SourceVersion "1"]
[SourceVersionDate "2014.11.20"]
[SourceQuality "1"]
[WhiteTeam "Oslo SS"]
[BlackTeam "Oslo Akademisk"]
[WhiteTeamCountry "NOR"]
[BlackTeamCountry "NOR"]

1. d4 Nf6 2. c4 c5 3. d5 b5 4. Nf3 bxc4 5. Nc3 d6 6. e4 Nbd7 7. Bxc4 g6 8. 0-0 Bg7 9. Qe2 0-0 10. a4 Ne8 11. Bf4 Rb8 12. a5 Rb4 13. Ra2 Nc7 14. Re1 Bb7 15. Bd2 Bc8 16. b3 Rb8 17. Rc1 Ne5 18. Nxe5 Bxe5 19. f4 Bd4+ 20. Be3 Bg4 21. Qf2 Bxe3 22. Qxe3 Bd7 23. e5 Bb5 24. f5 Bxc4 25. bxc4 Rb3 26. Rf2 dxe5 27. Qxc5 Qd6 28. Ne4 Qxc5 29. Nxc5 Ra3 30. f6 exf6 31. d6 Rxa5 32. Nb7 Ra6 33. dxc7 Rc8 34. c5 Rxc7 35. Rb2 f5 36. Rb5 Rb6 37. Rxb6 axb6 38. c6 Kf8 39. Kf2 Ke7 40. Ke2 h6 41. Rc3 Ke6 42. Rb3 Kd5 43. Rxb6 Rxc6 44. Rxc6 Kxc6 45. Nd8+ Kd5 46. Nxf7 Ke6 47. Nd8+ Kd7 48. Nb7 Kc6 49. Na5+ Kd5 50. Nb3 g5 51. Nd2 e4 52. Nb1 f4 53. Nc3+ Kd4 54. Nd1 g4 55. g3 Ke5 56. Nc3 h5 57. gxf4+ Kxf4 58. Nd5+ Kg5 59. Kf2 h4 60. Ke3 g3 61. h3 Kf5 62. Ke2 Ke5 63. Ne3 Kf4 64. Ng2+ Kg5 65. Ke3 Kh5 66. Kxe4 Kg5 67. Ke5 Kh5 68. Kf5 Kh6 69. Kg4 1-0

[Event "NOR-chT 1314"]
[Site "Norway"]
[Date "2014.03.23"]
[Round "9.4"]
[White "Briseid, Hakon"]
[Black "Hauge, Lars Oskar"]
[Result "0-1"]
[WhiteElo "2159"]
[BlackElo "2321"]
[PlyCount "64"]
[EventDate "2013.11.01"]
[EventType "team-tourn"]
[EventRounds "9"]
[EventCountry "NOR"]
[SourceTitle "EXT 2015"]
[Source "ChessBase"]
[SourceDate "2014.11.20"]
[SourceVersion "1"]
[SourceVersionDate "2014.11.20"]
[SourceQuality "1"]
[WhiteTeam "Akademisk"]
[BlackTeam "OSS"]
[WhiteTeamCountry "NOR"]
[BlackTeamCountry "NOR"]

1. d4 Nf6 2. c4 e6 3. Nc3 Bb4 4. e3 0-0 5. Nge2 Re8 6. a3 Bf8 7. g3 d5 8. Bg2 c6 9. b3 dxc4 10. bxc4 e5 11. 0-0 Nbd7 12. c5 Nb8 13. Qc2 Na6 14. Rd1 Qe7 15. Bd2 Bg4 16. Re1 Rad8 17. h3 Bc8 18. Rad1 Nc7 19. Nc1 e4 20. Nb3 Ncd5 21. Na5 Nxc3 22. Bxc3 Rd5 23. Nc4 Qc7 24. Ba5 Qb8 25. Rb1 Rh5 26. Ne5 Rexe5 27. dxe5 Qxe5 28. Bc3 Qxc5 29. g4 Rg5 30. Qb2 Nxg4 31. Bb4 Qf5 32. Bxf8 Ne5 0-1

[Event "NOR-chT 1213"]
[Site "Norway"]
[Date "2013.04.05"]
[Round "7"]
[White "Briseid, Hakon"]
[Black "Hauge, Tor Arne"]
[Result "1-0"]
[WhiteElo "2143"]
[BlackElo "2104"]
[PlyCount "89"]
[EventDate "2012.11.02"]
[EventType "team-tourn"]
[EventRounds "9"]
[EventCountry "NOR"]
[SourceTitle "EXT 2014"]
[Source "ChessBase"]
[SourceDate "2013.11.20"]
[SourceVersion "1"]
[SourceVersionDate "2013.11.20"]
[SourceQuality "1"]
[WhiteTeam "Akademisk"]
[BlackTeam "Oslo SK 1911"]
[WhiteTeamCountry "NOR"]
[BlackTeamCountry "NOR"]

1. d4 Nf6 2. c4 g6 3. Nc3 Bg7 4. e4 d6 5. f3 0-0 6. Be3 a5 7. Bd3 e5 8. Nge2 exd4 9. Nxd4 Nc6 10. Ndb5 Ne5 11. Be2 Be6 12. b3 Bd7 13. Rc1 Bxb5 14. Nxb5 Nfd7 15. 0-0 Nc6 16. Qd2 Rc8 17. Rfd1 Qe7 18. Nc3 Kh8 19. Bf1 Rfe8 20. Re1 Nc5 21. Kh1 h5 22. Bg5 Qe5 23. Be3 Qe7 24. Nd5 Qe5 25. Qf2 Ne6 26. g3 Qb2 27. Rc2 Qa3 28. c5 Ncd4 29. Bc1 Nxc2 30. Bxa3 Nxa3 31. Bh3 dxc5 32. Bxe6 fxe6 33. Nf4 Bd4 34. Qd2 Kh7 35. e5 Re7 36. Qd3 Rg8 37. Nxh5 Rf8 38. Nf4 Rg8 39. h4 Kh6 40. Qd2 g5 41. Nh3 Nb5 42. Nxg5 Kh5 43. g4+ Kxh4 44. Ne4 Bxe5 45. Qh6# 1-0

[Event "NOR-chT 1213"]
[Site "Norway"]
[Date "2012.11.02"]
[Round "6"]
[White "Gamback, Bjorn"]
[Black "Briseid, Hakon"]
[Result "0-1"]
[WhiteElo "2163"]
[BlackElo "2143"]
[PlyCount "100"]
[EventDate "2012.11.02"]
[EventType "team-tourn"]
[EventRounds "9"]
[EventCountry "NOR"]
[SourceTitle "EXT 2014"]
[Source "ChessBase"]
[SourceDate "2013.11.20"]
[SourceVersion "1"]
[SourceVersionDate "2013.11.20"]
[SourceQuality "1"]
[WhiteTeam "Trondheim"]
[BlackTeam "Akademisk"]
[WhiteTeamCountry "NOR"]
[BlackTeamCountry "NOR"]

1. Nf3 Nf6 2. c4 c5 3. Nc3 b6 4. g3 Bb7 5. Bg2 e6 6. 0-0 a6 7. Re1 Qc7 8. e4 d6 9. b3 Be7 10. d4 cxd4 11. Qxd4 0-0 12. h3 Nbd7 13. Bb2 Rac8 14. Rad1 Qb8 15. Nh2 Rfe8 16. Ng4 Nxg4 17. hxg4 Bf8 18. g5 Red8 19. Kh2 Qc7 20. f4 Qc5 21. Qd3 Qc7 22. Bf3 Nc5 23. Qe2 Qe7 24. Kg2 Qc7 25. Rh1 Be7 26. Rh2 Nd7 27. Rdh1 Nf8 28. Bg4 Qc5 29. Kf1 Rc7 30. Rxh7 Nxh7 31. Qh2 Bxg5 32. Qxh7+ Kf8 33. Na4 Qe3 34. Qxg7+ Ke7 35. Qxg5+ Kd7 36. Qf6 Bxe4 37. Rh2 Qxg3 38. Nxb6+ Kc6 39. Rh5 Bd3+ 40. Be2 Qf3+ 41. Kg1 Qe3+ 42. Kh2 Qxe2+ 43. Kg3 Qe3+ 44. Kg2 Qe2+ 45. Kg3 Qe1+ 46. Kh3 Bf1+ 47. Kg4 Rg8+ 48. Rg5 Qe2+ 49. Kh4 Qh2+ 50. Kg4 Qh3# 0-1

[Event "Oslo op"]
[Site "Oslo"]
[Date "2011.10.07"]
[Round "7"]
[White "Dolzhikova, Olga"]
[Black "Briseid, Hakon"]
[Result "1-0"]
[WhiteElo "2275"]
[BlackElo "2145"]
[PlyCount "143"]
[EventDate "2011.10.02"]
[EventType "swiss"]
[EventRounds "9"]
[EventCountry "NOR"]
[SourceTitle "CBM 144 Extra"]
[Source "ChessBase"]
[SourceDate "2011.10.28"]
[SourceVersion "1"]
[SourceVersionDate "2011.10.28"]
[SourceQuality "1"]

1. e4 e5 2. Nc3 Nf6 3. Bc4 Nc6 4. d3 Na5 5. Nge2 Nxc4 6. dxc4 h6 7. Qd3 Bc5 8. 0-0 d6 9. Nd5 0-0 10. Ng3 Kh8 11. Bd2 a6 12. Bc3 Bd7 13. Nxf6 Qxf6 14. Kh1 b5 15. f4 Qe6 16. Qf3 b4 17. f5 Qxc4 18. f6 bxc3 19. fxg7+ Kxg7 20. Nh5+ Kh7 21. Nf6+ Kh8 22. Nxd7 Rg8 23. b3 Qe6 24. Nxc5 dxc5 25. Qh5 Qg6 26. Qxe5+ Rg7 27. Rf2 Rag8 28. Rg1 c4 29. Rf6 Qg5 30. Qxc3 Kh7 31. Rf5 Qh4 32. Qf3 cxb3 33. cxb3 Rg4 34. Rxf7+ R8g7 35. Qf5+ R4g6 36. Rxg7+ Kxg7 37. e5 Qe7 38. Rd1 Rg5 39. Qf4 Rxe5 40. Qg3+ Rg5 41. Qh3 Re5 42. Qc3 Kh7 43. h3 Re6 44. Qd3+ Kg7 45. Qg3+ Rg6 46. Qc3+ Kg8 47. Rc1 Qg5 48. Rc2 c6 49. Qc4+ Qd5 50. Qxd5+ cxd5 51. Rc7 Rd6 52. Kg1 d4 53. Kf2 d3 54. Ke1 Re6+ 55. Kd2 Re2+ 56. Kxd3 Rxg2 57. a4 Rg3+ 58. Kc4 Rxh3 59. Ra7 Rh4+ 60. Kc3 Rh3+ 61. Kb4 Rh4+ 62. Ka3 h5 63. Rxa6 Kg7 64. a5 Rh1 65. Re6 h4 66. Kb4 h3 67. Re2 h2 68. Ra2 Kf8 69. a6 Kg7 70. a7 Rg1 71. Rxh2 Ra1 72. Rf2 1-0

[Event "Oslo op"]
[Site "Oslo"]
[Date "2011.10.06"]
[Round "6"]
[White "Briseid, Hakon"]
[Black "Moor, Olivier"]
[Result "1-0"]
[WhiteElo "2145"]
[BlackElo "2399"]
[PlyCount "85"]
[EventDate "2011.10.02"]
[EventType "swiss"]
[EventRounds "9"]
[EventCountry "NOR"]
[SourceTitle "CBM 144 Extra"]
[Source "ChessBase"]
[SourceDate "2011.10.28"]
[SourceVersion "1"]
[SourceVersionDate "2011.10.28"]
[SourceQuality "1"]

1. d4 Nf6 2. c4 e6 3. Nc3 d5 4. cxd5 exd5 5. Bg5 c6 6. e3 Be7 7. Qc2 Nbd7 8. Bd3 0-0 9. Nge2 Re8 10. 0-0 Nf8 11. f3 Ng6 12. Rad1 Be6 13. Ng3 a6 14. f4 Nf8 15. f5 Bc8 16. Rde1 b6 17. Qe2 Bb7 18. Qf3 c5 19. Nce2 Qd7 20. Bxf6 Bxf6 21. Nh5 Bg5 22. Qg4 f6 23. Rf3 Qf7 24. Nhf4 Re7 25. h4 Bh6 26. Ref1 Qe8 27. Qh3 cxd4 28. exd4 Bxf4 29. Nxf4 Qa4 30. Ne2 Rae8 31. R1f2 Qxa2 32. Ng3 Qa1+ 33. Kh2 Qc1 34. Nh5 Qh6 35. g4 Qc1 36. g5 Nd7 37. Qg4 Kh8 38. Rg2 Rf8 39. Rfg3 Qc7 40. Nf4 Qd6 41. Ng6+ Kg8 42. Nxe7+ Qxe7 43. gxf6 1-0

[Event "NOR-chT 1011"]
[Site "Oslo"]
[Date "2011.04.03"]
[Round "9"]
[White "Briseid, Hakon"]
[Black "Gyldenas, Ole Jorn"]
[Result "1-0"]
[WhiteElo "2118"]
[BlackElo "2053"]
[PlyCount "83"]
[EventDate "2010.11.05"]
[EventType "team-tourn"]
[EventRounds "9"]
[EventCountry "NOR"]
[SourceTitle "EXT 2012"]
[Source "ChessBase"]
[SourceDate "2011.11.24"]
[SourceVersion "1"]
[SourceVersionDate "2011.11.24"]
[SourceQuality "1"]
[WhiteTeam "Akademisk"]
[BlackTeam "Nordstrand"]
[WhiteTeamCountry "NOR"]
[BlackTeamCountry "NOR"]

1. d4 d5 2. c4 e6 3. Nc3 c6 4. Nf3 Nf6 5. e3 Be7 6. Bd3 0-0 7. 0-0 Nbd7 8. Qc2 dxc4 9. Bxc4 b5 10. Bd3 Bb7 11. e4 g6 12. Bh6 Re8 13. e5 Nh5 14. Ne4 Ng7 15. h4 Nf5 16. Bg5 h6 17. Bd2 Qb6 18. b4 Nxd4 19. Nxd4 Qxd4 20. Bc3 Qb6 21. Nf6+ Bxf6 22. exf6 e5 23. Bxg6 Nxf6 24. Rfe1 Qc7 25. Bf5 c5 26. Bd2 Qc6 27. f3 cxb4 28. Qb2 Qc5+ 29. Be3 Qf8 30. Qc1 Qg7 31. Bxh6 Qg3 32. Bg4 Qxh4 33. Bg5 Qh8 34. Bf5 Qg7 35. Kf2 Nh7 36. Bh4 Bd5 37. Rh1 Be6 38. Bxh7+ Qxh7 39. Bf6 Bf5 40. Qg5+ Bg6 41. Rxh7 Kxh7 42. Rh1+ 1-0

[Event "NOR-chT 1011"]
[Site "Oslo"]
[Date "2011.04.02"]
[Round "8"]
[White "Johansen, Stian"]
[Black "Briseid, Hakon"]
[Result "0-1"]
[WhiteElo "1919"]
[BlackElo "2118"]
[PlyCount "72"]
[EventDate "2010.11.05"]
[EventType "team-tourn"]
[EventRounds "9"]
[EventCountry "NOR"]
[SourceTitle "EXT 2012"]
[Source "ChessBase"]
[SourceDate "2011.11.24"]
[SourceVersion "1"]
[SourceVersionDate "2011.11.24"]
[SourceQuality "1"]
[WhiteTeam "Moss"]
[BlackTeam "Akademisk"]
[WhiteTeamCountry "NOR"]
[BlackTeamCountry "NOR"]

1. d4 Nf6 2. c4 c5 3. d5 b5 4. cxb5 a6 5. Nc3 axb5 6. e4 b4 7. Nb5 d6 8. Bc4 Qa5 9. Qe2 Ba6 10. Bd2 Nxe4 11. a4 Nxd2 12. Nxd6+ Kd7 13. Bxa6 Qxa6 14. Nb5 Nb3 15. Rd1 Nd4 16. Qg4+ Kd8 17. Nxd4 cxd4 18. Qxd4 Nd7 19. Nf3 b3 20. Ng5 Ke8 21. Qf4 Qf6 22. Qe3 Qe5 23. Ne4 f5 24. Nc3 Qxe3+ 25. fxe3 g6 26. Rd4 Bg7 27. Rb4 Nc5 28. Ke2 Kf7 29. Ra1 Rhb8 30. Rxb8 Rxb8 31. Kd2 Ne4+ 32. Kd3 Nxc3 33. bxc3 b2 34. Rb1 Rb3 35. Kc2 Rxc3+ 36. Kxb2 Rxe3+ 0-1

[Event "NOR-chT Clubs"]
[Site "Drammen"]
[Date "2010.10.10"]
[Round "5"]
[White "Briseid, Hakon"]
[Black "Thingstad, Even"]
[Result "1/2-1/2"]
[WhiteElo "2097"]
[BlackElo "2120"]
[PlyCount "79"]
[EventDate "2010.10.08"]
[EventType "team"]
[EventRounds "6"]
[EventCountry "NOR"]
[SourceTitle "EXT 2015"]
[Source "ChessBase"]
[SourceDate "2014.11.20"]
[SourceVersion "1"]
[SourceVersionDate "2014.11.20"]
[SourceQuality "1"]
[WhiteTeam "Akademisk"]
[BlackTeam "Honefoss"]
[WhiteTeamCountry "NOR"]
[BlackTeamCountry "NOR"]

1. d4 d5 2. c4 c6 3. cxd5 cxd5 4. Nc3 Nf6 5. f3 Nc6 6. e4 dxe4 7. d5 Ne5 8. fxe4 e6 9. Nf3 Nxf3+ 10. Qxf3 exd5 11. e5 Ne4 12. Bb5+ Bd7 13. Rf1 f6 14. exf6 Nxf6 15. Qe2+ Qe7 16. Bxd7+ Nxd7 17. Be3 d4 18. Nd5 Qe5 19. Nc7+ Kd8 20. Bg5+ Be7 21. Ne6+ Ke8 22. Nc7+ Kd8 23. Ne6+ Ke8 24. Qxe5 Nxe5 25. Nxg7+ Kd7 26. Bxe7 Kxe7 27. Nf5+ Kd7 28. Nxd4 Nd3+ 29. Kd2 Nxb2 30. Rab1 Nc4+ 31. Kc3 Nd6 32. Nf5 Nxf5 33. Rxf5 Rac8+ 34. Kd3 Ke6 35. Rf4 Rhd8+ 36. Rd4 Rxd4+ 37. Kxd4 Rc2 38. Rxb7 Rxa2 39. Rxh7 Rxg2 40. Rxa7 1/2-1/2

[Event "NOR-chT Clubs"]
[Site "Drammen"]
[Date "2010.10.10"]
[Round "6"]
[White "Laverton, Christian"]
[Black "Briseid, Hakon"]
[Result "1/2-1/2"]
[WhiteElo "1915"]
[BlackElo "2097"]
[PlyCount "111"]
[EventDate "2010.10.08"]
[EventType "team"]
[EventRounds "6"]
[EventCountry "NOR"]
[SourceTitle "EXT 2015"]
[Source "ChessBase"]
[SourceDate "2014.11.20"]
[SourceVersion "1"]
[SourceVersionDate "2014.11.20"]
[SourceQuality "1"]
[WhiteTeam "Trondheim"]
[BlackTeam "Akademisk"]
[WhiteTeamCountry "NOR"]
[BlackTeamCountry "NOR"]

1. d4 Nf6 2. c4 c5 3. d5 b5 4. cxb5 a6 5. b6 e6 6. Nc3 Nxd5 7. Nxd5 exd5 8. Qxd5 Nc6 9. Nf3 Rb8 10. e3 Be7 11. Bd2 Rxb6 12. Bc4 0-0 13. Bc3 Nb4 14. Bxb4 Rxb4 15. Rd1 d6 16. b3 Be6 17. Qd3 Bxc4 18. bxc4 Qa5 19. 0-0 Qxa2 20. Qe4 Bf6 21. Rxd6 Rxc4 22. Qc6 a5 23. h3 Bc3 24. Rfd1 Qa4 25. Qd5 Re4 26. Rd7 Ree8 27. Qxc5 Bf6 28. Qd5 g6 29. Rb1 Rd8 30. Rbb7 Rxd7 31. Rxd7 Qa1+ 32. Kh2 a4 33. Ra7 a3 34. g4 Qb2 35. Kg2 Qb4 36. e4 Be7 37. Ne5 Qc5 38. Qxc5 Bxc5 39. Ra5 Bb4 40. Ra4 Re8 41. Rxb4 Rxe5 42. Ra4 h5 43. f4 Rb5 44. Rxa3 hxg4 45. hxg4 Kg7 46. g5 Rb1 47. Kf3 Rf1+ 48. Ke3 Kf8 49. Ra6 Kg8 50. Rf6 Kg7 51. Kd4 Ra1 52. Rd6 Rd1+ 53. Ke5 Re1 54. Rd4 Rf1 55. Rd5 Re1 56. Rd4 1/2-1/2

[Event "Oslo ASKO CC-ch"]
[Site "Oslo"]
[Date "2010.05.04"]
[Round "7"]
[White "Briseid, Hakon"]
[Black "Hole, Oystein"]
[Result "0-1"]
[WhiteElo "2052"]
[BlackElo "2386"]
[PlyCount "62"]
[EventDate "2010.02.16"]
[EventType "swiss"]
[EventRounds "9"]
[EventCountry "NOR"]
[SourceTitle "EXT 2012"]
[Source "ChessBase"]
[SourceDate "2011.11.24"]
[SourceVersion "1"]
[SourceVersionDate "2011.11.24"]
[SourceQuality "1"]

1. d4 d5 2. c4 c6 3. cxd5 cxd5 4. Nc3 Nf6 5. f3 Qa5 6. Bd2 Nc6 7. e3 e6 8. Bd3 Be7 9. Nge2 0-0 10. 0-0 e5 11. e4 dxe4 12. fxe4 exd4 13. Nd5 Qc5 14. Rc1 Qd6 15. Bf4 Ne5 16. Nc7 Bg4 17. Nb5 Qe6 18. Nc7 Qd6 19. Nxa8 Rxa8 20. Qd2 Nh5 21. h3 Nxf4 22. Nxf4 Bg5 23. Bc4 Nf3+ 24. Rxf3 Bxf3 25. g3 Bxe4 26. Rf1 Rc8 27. Bb3 Bf6 28. Nh5 Kh8 29. a3 Qe5 30. Bd1 Bg5 31. Nf4 Bc6 0-1

[Event "NOR-chT 0910"]
[Site "Norway"]
[Date "2010.04.09"]
[Round "7"]
[White "Zachariassen, Bjarne"]
[Black "Briseid, Hakon"]
[Result "1/2-1/2"]
[WhiteElo "1947"]
[BlackElo "2052"]
[PlyCount "156"]
[EventDate "2009.11.06"]
[EventType "team"]
[EventRounds "9"]
[EventCountry "NOR"]
[SourceTitle "EXT 2011"]
[Source "ChessBase"]
[SourceDate "2010.11.26"]
[SourceVersion "1"]
[SourceVersionDate "2010.11.26"]
[SourceQuality "1"]
[WhiteTeam "SOSS"]
[BlackTeam "Oslo Akademisk"]
[WhiteTeamCountry "NOR"]
[BlackTeamCountry "NOR"]

1. e4 c5 2. Nf3 b6 3. c3 Bb7 4. e5 Qc7 5. Na3 a6 6. d4 e6 7. Nc2 d6 8. Bf4 Nc6 9. dxc5 dxc5 10. Bd3 Nge7 11. Qe2 Ng6 12. Bg3 Na5 13. 0-0 c4 14. Be4 Bc5 15. h4 Ne7 16. Rad1 b5 17. Bxb7 Nxb7 18. Ncd4 0-0 19. Ng5 Bxd4 20. cxd4 Nf5 21. Bf4 Rad8 22. Qh5 h6 23. Ne4 Qe7 24. g3 Rd7 25. d5 Rxd5 26. Rxd5 exd5 27. Qxf5 dxe4 28. Qxe4 Nc5 29. Qf3 Nd3 30. Rb1 Nxe5 31. Qe4 Re8 32. Kg2 Nd3 33. Qd4 Nxf4+ 34. Qxf4 Qe4+ 35. Qxe4 Rxe4 36. Kf3 Rd4 37. Ke3 Rd6 38. Rc1 Kf8 39. a4 Rd3+ 40. Ke2 Rb3 41. Rc2 Ke7 42. axb5 axb5 43. Rd2 Ke6 44. Kd1 h5 45. Kc2 Rf3 46. Kb1 Ke5 47. Kc1 f6 48. Rd7 g6 49. Rb7 Rb3 50. Re7+ Kf5 51. Rf7 Rd3 52. Rb7 Rd5 53. Rh7 Kg4 54. Rh6 Kf5 55. Rh7 Re5 56. Kd2 Ke6 57. Rg7 g5 58. hxg5 fxg5 59. Rh7 g4 60. Rb7 Kf5 61. Rf7+ Ke4 62. Rf4+ Kd5 63. b3 cxb3 64. Kc3 b2 65. Kxb2 Re4 66. Rf5+ Kc4 67. Rxh5 Re2+ 68. Kc1 Rxf2 69. Rg5 b4 70. Rxg4+ Kc3 71. Rf4 Rc2+ 72. Kb1 b3 73. Rf3+ Kb4 74. Rf8 Rg2 75. Rb8+ Kc3 76. Rc8+ Kd4 77. Rg8 Ke3 78. Rb8 Rxg3 1/2-1/2

[Event "NOR-chT 0910"]
[Site "Norway"]
[Date "2009.11.06"]
[Round "1"]
[White "Glenne, Bjorn Erik"]
[Black "Briseid, Hakon"]
[Result "1/2-1/2"]
[WhiteElo "2201"]
[BlackElo "2052"]
[PlyCount "46"]
[EventDate "2009.11.06"]
[EventType "team"]
[EventRounds "9"]
[EventCountry "NOR"]
[SourceTitle "EXT 2011"]
[Source "ChessBase"]
[SourceDate "2010.11.26"]
[SourceVersion "1"]
[SourceVersionDate "2010.11.26"]
[SourceQuality "1"]
[WhiteTeam "Kristiansund"]
[BlackTeam "Oslo Akademisk"]
[WhiteTeamCountry "NOR"]
[BlackTeamCountry "NOR"]

1. d4 Nf6 2. c4 c5 3. d5 b5 4. cxb5 a6 5. bxa6 Bxa6 6. Nc3 d6 7. Nf3 g6 8. g3 Bg7 9. Bg2 0-0 10. 0-0 Nbd7 11. Rb1 Qa5 12. Qc2 Rfb8 13. Rd1 Ng4 14. Bd2 Nge5 15. Nxe5 Nxe5 16. b3 c4 17. Ne4 cxb3 18. Rxb3 Qd8 19. Rxb8 Rxb8 20. Bf1 Rc8 21. Qb1 Rb8 22. Qc2 Rc8 23. Qb1 Rb8 1/2-1/2

[Event "Oslo Sveins op 2nd"]
[Site "Oslo"]
[Date "2009.06.23"]
[Round "8"]
[White "Briseid, Hakon"]
[Black "Haubro, Sigfred"]
[Result "1-0"]
[WhiteElo "1985"]
[BlackElo "2120"]
[PlyCount "81"]
[EventDate "2009.06.19"]
[EventType "swiss"]
[EventRounds "9"]
[EventCountry "NOR"]
[SourceTitle "CBM 130 Extra"]
[Source "ChessBase"]
[SourceDate "2009.07.02"]
[SourceVersion "2"]
[SourceVersionDate "2009.07.15"]
[SourceQuality "1"]

1. d4 d5 2. c4 e6 3. Nc3 Nf6 4. cxd5 exd5 5. Bg5 Be7 6. Qc2 0-0 7. e3 b6 8. Nf3 h6 9. Bh4 Bb7 10. Bd3 Nbd7 11. 0-0 Rc8 12. Bf5 g6 13. Bxg6 fxg6 14. Qxg6+ Kh8 15. Qxh6+ Nh7 16. Bxe7 Qxe7 17. Nh4 Kg8 18. Qg6+ Qg7 19. Qe6+ Qf7 20. Qg4+ Qg7 21. Qxg7+ Kxg7 22. b4 Ng5 23. Rfc1 Rf6 24. Rc2 c6 25. Rac1 Ra8 26. f4 Ne4 27. Nxd5 Rf7 28. Nc3 Nxc3 29. Rxc3 a5 30. bxa5 Rxa5 31. g4 Rxa2 32. Nf5+ Kh7 33. e4 Rf6 34. g5 Re6 35. d5 Rxe4 36. dxc6 Bxc6 37. Rxc6 Rxf4 38. g6+ Kg8 39. Rc8+ Nf8 40. Rxf8+ Kxf8 41. Rc8# 1-0

[Event "Oslo Sveins op 2nd"]
[Site "Oslo"]
[Date "2009.06.19"]
[Round "6"]
[White "Edvardsen, Ragnar"]
[Black "Briseid, Hakon"]
[Result "0-1"]
[WhiteElo "2060"]
[BlackElo "1985"]
[PlyCount "90"]
[EventDate "2009.06.19"]
[EventType "swiss"]
[EventRounds "9"]
[EventCountry "NOR"]
[SourceTitle "CBM 130 Extra"]
[Source "ChessBase"]
[SourceDate "2009.07.02"]
[SourceVersion "2"]
[SourceVersionDate "2009.07.15"]
[SourceQuality "1"]

1. e4 e5 2. Nf3 Nc6 3. Bb5 a6 4. Ba4 Nf6 5. 0-0 Be7 6. Re1 b5 7. Bb3 d6 8. c3 0-0 9. h3 Na5 10. Bc2 c5 11. d4 Qc7 12. Nbd2 cxd4 13. cxd4 Bb7 14. Nf1 Rac8 15. Bd3 d5 16. exd5 e4 17. Bxe4 Nxe4 18. Rxe4 Bxd5 19. Re1 Qb7 20. N1h2 Nc6 21. a3 Rfd8 22. Bf4 Na5 23. Qe2 Bf8 24. Nh4 Nc4 25. Qg4 Be6 26. Rxe6 fxe6 27. Qxe6+ Qf7 28. d5 Qxe6 29. dxe6 Rc6 30. e7 Bxe7 31. Nf5 Bf8 32. Rc1 Ne5 33. Re1 Nd3 34. Re4 Nxb2 35. Nf3 Rc4 36. N5d4 Nd3 37. Be3 Bxa3 38. Rg4 Bc1 39. Rxg7+ Kxg7 40. Ne6+ Kf6 41. Nxd8 Bxe3 42. fxe3 Rc1+ 43. Kh2 b4 44. g4 b3 45. g5+ Ke7 0-1

[Event "Aslo ASKO CC-ch Group-A"]
[Site "Oslo"]
[Date "2009.06.02"]
[Round "9"]
[White "Ali, Karim"]
[Black "Briseid, Hakon"]
[Result "0-1"]
[WhiteElo "1666"]
[BlackElo "1897"]
[PlyCount "121"]
[EventDate "2009.02.10"]
[EventType "tourn"]
[EventRounds "9"]
[EventCountry "NOR"]
[SourceTitle "EXT 2011"]
[Source "ChessBase"]
[SourceDate "2010.11.26"]
[SourceVersion "1"]
[SourceVersionDate "2010.11.26"]
[SourceQuality "1"]

1. e4 c5 2. d4 cxd4 3. c3 d3 4. Bxd3 e6 5. c4 Qc7 6. Nc3 a6 7. Nf3 Nc6 8. Qe2 Nge7 9. Be3 Ng6 10. 0-0 Nf4 11. Qd2 Nxd3 12. Qxd3 Nb4 13. Qe2 Bc5 14. Bg5 0-0 15. Rfd1 Nc6 16. a3 Ne5 17. b4 Nxf3+ 18. Qxf3 Bd6 19. h3 b6 20. Qd3 Bh2+ 21. Kh1 f6 22. Be3 Bf4 23. Na4 Bxe3 24. Qxe3 Rb8 25. c5 bxc5 26. Nxc5 a5 27. Rac1 Qe5 28. f4 Qh5 29. Nxd7 Bxd7 30. Rxd7 Rfd8 31. Qa7 Rxd7 32. Qxd7 Qe8 33. Qxe8+ Rxe8 34. b5 a4 35. b6 Rb8 36. Rc6 e5 37. f5 Kf8 38. Re6 Rd8 39. Kg1 Rd1+ 40. Kf2 Rb1 41. Ke2 Rb2+ 42. Kd3 Rb3+ 43. Kc4 Rxa3 44. Kb4 Ra1 45. Rc6 a3 46. Kb3 h5 47. Rc8+ Ke7 48. Rc7+ Kd6 49. Rxg7 Rb1+ 50. Kxa3 Rxb6 51. Rh7 Kc5 52. Rxh5 Kd4 53. Rh4 Kc3 54. Ka4 Kc4 55. Ka5 Kc5 56. Rh8 Rb2 57. Rc8+ Kd4 58. g4 Kxe4 59. Rc6 Rh2 60. Rxf6 Rxh3 61. g5 0-1

[Event "Aslo ASKO CC-ch Group-A"]
[Site "Oslo"]
[Date "2009.03.10"]
[Round "3"]
[White "Skrondal, Inge Sandstad"]
[Black "Briseid, Hakon"]
[Result "1-0"]
[WhiteElo "2190"]
[BlackElo "1897"]
[PlyCount "85"]
[EventDate "2009.02.10"]
[EventType "tourn"]
[EventRounds "9"]
[EventCountry "NOR"]
[SourceTitle "EXT 2011"]
[Source "ChessBase"]
[SourceDate "2010.11.26"]
[SourceVersion "1"]
[SourceVersionDate "2010.11.26"]
[SourceQuality "1"]

1. Nf3 b6 2. g3 c5 3. c4 Bb7 4. Bg2 Nf6 5. Nc3 e6 6. 0-0 a6 7. Re1 Qc7 8. e4 d6 9. d4 cxd4 10. Nxd4 Nbd7 11. Be3 Be7 12. Rc1 0-0 13. f4 Rfe8 14. g4 Nc5 15. Bf2 g6 16. b4 Rad8 17. Bf3 h6 18. Qd2 Ncd7 19. Nd5 exd5 20. cxd5 Qb8 21. Nc6 Qa8 22. Nxd8 Bxd8 23. h4 g5 24. Kg2 gxf4 25. Qxf4 Ne5 26. Qxh6 Nd3 27. Bd4 Nxe1+ 28. Rxe1 Re5 29. Bxe5 dxe5 30. Qg5+ Kf8 31. Qxe5 Qc8 32. g5 Ng8 33. Qd6+ Kg7 34. Qe5+ Kf8 35. Rf1 f6 36. Bh5 Qc2+ 37. Kg1 Kg7 38. Qe8 Qc7 39. e5 Bxd5 40. gxf6+ Bxf6 41. exf6+ Kh8 42. Qg6 Qe5 43. Qg7# 1-0